[Event "CLUB NUMERO UNO"]
[Site "SchemingMind.com"]
[Date "2008.06.05"]
[Round "-"]
[White "riverriver"]
[Black "calidore"]
[Result "1/2-1/2"]
[WhiteCountry "USA"]
[BlackCountry "ISR"]
[WhiteElo "1848"]
[WhiteRD "70"]
[BlackElo "1899"]
[BlackRD "53"]
[GameID "157976"]

1. d4 Nf6 2. c4 e6 3. Nf3 b6 4. a3 Bb7 5. Nc3 d5 6. cxd5 Nxd5 7. e3 Be7 8. Bb5+ Nd7 9. Qa4 Nxc3 10. bxc3 a6
11. Bxd7+ Qxd7 12. Qxd7+ Kxd7 13. Ne5+ Ke8=
1/2-1/2

[Event "CLUB NUMERO UNO"]
[Site "SchemingMind.com"]
[Date "2008.06.10"]
[Round "-"]
[White "riverriver"]
[Black "jp781"]
[Result "1-0"]
[WhiteCountry "USA"]
[BlackCountry "USA"]
[WhiteElo "1857"]
[WhiteRD "72"]
[BlackElo "1826"]
[BlackRD "79"]
[GameID "157977"]

1. d4 Nf6 2. c4 g6 3. Nc3 Bg7 4. Nf3 O-O 5. e4 d6 6. Be2 e5 7. O-O Nc6 8. d5 Ne7 9. Nd2 a5 10. a3 Nd7
11. Rb1 f5 12. b4 Kh8 13. Qc2 Ng8 14. Qa4 b6 15. b5 Nc5 16. Qd1 Nf6 17. exf5 Bxf5 18. Ra1 Nfd7 19. Ra2 e4 20. Bb2 Be5
21. Kh1 Nf6 22. Na4 Nd3 23. Bxe5 Nxe5 24. Nc3 h5 25. Qe1 g5 26. Bd1 Nd3 27. Qe3 Ng4 28. Bxg4 Bxg4 29. f3 Qf6 30. Ncxe4 Rae8
31. Qxd3 Bf5 32. Nxf6 Bxd3 33. Nxe8 Bxf1 34. Nxc7 Bd3 35. Rb2 Rc8 36. Ne6 Bxc4 37. Rc2 g4 38. fxg4
1-0

[Event "CLUB NUMERO UNO"]
[Site "SchemingMind.com"]
[Date "2008.06.05"]
[Round "-"]
[White "riverriver"]
[Black "megapixel"]
[Result "0-1"]
[WhiteCountry "USA"]
[BlackCountry "ENG"]
[WhiteElo "1848"]
[WhiteRD "71"]
[BlackElo "1921"]
[BlackRD "75"]
[GameID "157978"]

1. d4 Nf6 2. c4 g6 3. Nc3 Bg7 4. e4 d6 5. f3 O-O 6. Be3 c5 7. d5 e6 8. Qc2 exd5 9. cxd5 Nbd7 10. O-O-O a6
11. Kb1 b5 12. g4 Re8 13. Nh3 b4 14. Ne2 Nb6 15. Nef4 Bd7 16. Rd2 Ba4 17. Qc1 Bb5 18. Qc2 Qc7 19. g5 Nfd7 20. Ka1 Rac8
21. Rg1 c4 22. Bd4 b3 23. axb3 cxb3 24. Qxc7 Rxc7 25. Bxb5 axb5 26. Bxg7 Ra8+ 27. Kb1 Rca7
0-1

[Event "CLUB NUMERO UNO"]
[Site "SchemingMind.com"]
[Date "2008.06.06"]
[Round "-"]
[White "riverriver"]
[Black "smothered mate"]
[Result "0-1"]
[WhiteCountry "USA"]
[BlackCountry "POL"]
[WhiteElo "1857"]
[WhiteRD "72"]
[BlackElo "1931"]
[BlackRD "51"]
[GameID "157979"]

1. d4 Nf6 2. c4 e6 3. Nc3 d5 4. Nf3 c5 5. cxd5 exd5 6. Bg5 Be6 7. e3 a6 8. Bd3 Nc6 9. Qb3 c4 10. Bxf6 gxf6
11. Qxb7 Na5 12. Qxa8 Qxa8 13. Bc2 Bb4 14. O-O Qc8 15. e4 Bxc3 16. bxc3 Kf8 17. Rae1 dxe4 18. Bxe4 f5 19. Bc2 Rg8 20. Re5 Nb7
21. d5 Bd7 22. g3 Nd6 23. Rfe1 Ne4 24. Bxe4 fxe4 25. R1xe4 Rg6 26. Nd2 Rb6 27. Rxc4 Qb8 28. Rh5 Rb2 29. Ne4 Qb5 30. Nd6 Qb6
31. Ne4 Qg6 32. Rh4 Bb5 33. Rc8+ Kg7 34. c4 Bd7 35. Rc5 Bf5 36. Nc3 Rc2 37. Rc6 f6 38. Rc7+ Kf8 39. Rhxh7 Qxh7 40. Rxh7 Bxh7
41. Na4 Be4 42. f4 Rxc4 43. Nb6 Rc2 44. d6 Ke8 45. h3 Rg2+ 46. Kf1 Rb2 47. Na4 Rc2 48. Nb6 Bb7 49. Ke1 Kd8 50. g4 Rxa2
51. h4 Rg2 52. g5 fxg5 53. hxg5 Rg4 54. Na4 Rxf4 55. Nc5 Bc8 56. Ke2 Rg4 57. Kd3 Rxg5 58. Kd4 Rg7 59. Kd5 Ra7 60. Kc6 a5
61. Kb6 Ra8 62. Na4 Bd7 63. Nc3 a4 64. Na2 Rb8+
0-1

[Event "CLUB NUMERO UNO"]
[Site "SchemingMind.com"]
[Date "2008.06.05"]
[Round "-"]
[White "riverriver"]
[Black "CenturyBugs"]
[Result "1/2-1/2"]
[WhiteCountry "USA"]
[BlackCountry "ENG"]
[WhiteElo "1843"]
[WhiteRD "72"]
[BlackElo "2077"]
[BlackRD "67"]
[GameID "157980"]

1. d4 d5 2. c4 c6 3. Nc3 Nf6 4. e3 Bg4 5. Nf3 e6 6. Bd3 Bb4 7. h3 Bh5 8. g4 Bg6 9. Qb3 Qe7 10. Ne5 Be4
11. O-O Nbd7 12. Nxe4 dxe4 13. Nxd7 Kxd7 14. Bd2 a5 15. Bxb4 Qxb4 16. Qxb4 axb4 17. Bc2 Ra5 18. c5 h6 19. f3 Rha8 20. fxe4 Ke7
21. Bb1 e5 22. Rf5 exd4 23. exd4 Nh7 24. Kf2 Nf8 25. Ke3 Ne6 26. Bd3 Rxa2 27. Rxa2 Rxa2 28. Rf2 Ra8 29. Rc2 Ra5 30. Rc4 Rb5
31. Rc2 Ra5 32. Rc4 Rb5 33. Rc2 Ra5=
1/2-1/2

[Event "CLUB NUMERO UNO"]
[Site "SchemingMind.com"]
[Date "2008.06.05"]
[Round "-"]
[White "riverriver"]
[Black "JOZIN Z BAZIN"]
[Result "1-0"]
[WhiteCountry "USA"]
[BlackCountry "POL"]
[WhiteElo "1843"]
[WhiteRD "72"]
[BlackElo "1544"]
[BlackRD "60"]
[GameID "157981"]

1. d4 g6 2. e4 Bh6 3. Bxh6 Nxh6 4. Qd2 Ng8 5. Nc3 c6 6. Nf3 h6 7. O-O-O d6 8. Bd3 Bg4 9. Qe3 e6 10. h3 Bxf3
11. Qxf3 Ne7 12. Qf4
1-0

[Event "CLUB NUMERO UNO"]
[Site "SchemingMind.com"]
[Date "2008.06.10"]
[Round "-"]
[White "jp781"]
[Black "riverriver"]
[Result "0-1"]
[WhiteCountry "USA"]
[BlackCountry "USA"]
[WhiteElo "1790"]
[WhiteRD "80"]
[BlackElo "1886"]
[BlackRD "73"]
[GameID "157983"]

1. e4 e5 2. Nf3 Nc6 3. Bb5 a6 4. Ba4 Nf6 5. O-O Be7 6. Re1 b5 7. Bb3 d6 8. Nc3 O-O 9. d3 Na5 10. Bd5 c6
11. Bb3 b4 12. Ne2 Nxb3 13. axb3 c5 14. Bd2 Bg4 15. Ng3 h6 16. h3 Be6 17. c3 Qb6 18. Be3 bxc3 19. bxc3 Bxb3 20. Rb1 Bxd1
21. Rxb6 Bxf3 22. gxf3 Rfb8 23. Reb1 Rxb6 24. Rxb6 d5 25. Nf5 Bd8 26. Rc6 d4 27. cxd4 cxd4 28. Bc1 Nd7 29. Ba3 Kh7 30. Bc1 f6
31. f4 g6 32. Nh4 exf4 33. Rd6 Nc5 34. Rxd4 f5 35. Nf3 fxe4 36. dxe4 Be7 37. Ne5 Bf6 38. Rc4 Bxe5 39. Rxc5 Re8 40. Kg2 Re6
41. f3 Kg7 42. Bd2 Kf6 43. h4 Rd6 44. Ba5 Ke6 45. Bc7 Rd2+ 46. Kf1 Bd4 47. Rd5 Rf2+ 48. Ke1 Be3 49. Rd6+ Kf7 50. Rxa6 Rxf3
51. Rd6 Rh3 52. Rd7+ Ke6 53. Rd6+ Ke5 54. Rxg6+ Kxe4
0-1

[Event "CLUB NUMERO UNO"]
[Site "SchemingMind.com"]
[Date "2008.06.06"]
[Round "-"]
[White "megapixel"]
[Black "riverriver"]
[Result "1-0"]
[WhiteCountry "ENG"]
[BlackCountry "USA"]
[WhiteElo "1938"]
[WhiteRD "78"]
[BlackElo "1886"]
[BlackRD "73"]
[GameID "157984"]

1. Nf3 c5 2. c4 b6 3. Nc3 Bb7 4. e4 e6 5. g3 Nf6 6. d3 Nc6 7. Bg2 Bd6 8. O-O Qe7 9. Re1 e5 10. Nd5 Qd8
11. Bd2 Be7 12. a4 Nxd5 13. cxd5 Nb4 14. Bxb4 cxb4 15. Nxe5 O-O 16. f4 f6 17. Nc4 Qc7 18. b3 Rae8 19. Rc1 b5 20. axb5 Qc5+
21. d4 Qxb5 22. Ra1 Ba6 23. Ra5 Qb7 24. Qa1 Bb5 25. Rxa7 Qb8 26. Kh1 Rc8 27. e5 Bxc4 28. bxc4 fxe5 29. fxe5 Rcd8 30. d6 Bg5
31. Bd5+ Kh8 32. Re2 Rf1+ 33. Qxf1 Qxa7 34. Rf2 Qb8 35. Rb2 Rf8 36. Qe2 Qa7 37. c5 Qa1+ 38. Kg2 Be3 39. Ra2 Qxd4 40. Qf3 Rd8
41. Ra8 Rxa8 42. Bxa8 h6 43. Be4 Qb2+ 44. Kh3 Qa2 45. Bd5 Qf2 46. Qxf2 Bxf2 47. e6 dxe6 48. d7 exd5 49. d8=Q+ Kh7 50. Qxd5
1-0

[Event "CLUB NUMERO UNO"]
[Site "SchemingMind.com"]
[Date "2008.06.07"]
[Round "-"]
[White "smothered mate"]
[Black "riverriver"]
[Result "1-0"]
[WhiteCountry "POL"]
[BlackCountry "USA"]
[WhiteElo "1931"]
[WhiteRD "51"]
[BlackElo "1857"]
[BlackRD "72"]
[GameID "157985"]

1. d4 d5 2. c4 c6 3. Nc3 e6 4. Nf3 Nf6 5. e3 Nbd7 6. Bd3 dxc4 7. Bxc4 b5 8. Bd3 Bb4 9. O-O O-O 10. e4 Ng4
11. h3 Ngf6 12. e5 Nd5 13. Bxh7+ Kxh7 14. Ng5+ Kg8 15. Nxd5 exd5 16. Qh5 Nf6 17. exf6 Bf5 18. fxg7 Kxg7 19. a3 Bd6 20. Re1 Qd7
21. Nf3 Rh8 22. Qg5+ Bg6 23. Ne5 Bxe5 24. Qxe5+ f6 25. Qe7+ Qxe7 26. Rxe7+ Bf7 27. Bd2 a6 28. Rae1 Rae8 29. Ra7 Ra8 30. Ree7 Rxa7
31. Rxa7 Kg6 32. Rxa6 Be8 33. Ra8 Kf5 34. f3 Ke6 35. Rd8 Ke7 36. Ba5 Rh4 37. Bb6 Bg6 38. Rc8 Kd7 39. Rc7+ Kd6 40. Rg7 Bd3
41. g4 Rh7 42. Bc5+ Ke6 43. Rxh7 Bxh7 44. f4 f5 45. g5 Bg6 46. b3 Bh5 47. a4 bxa4 48. bxa4 Bd1 49. a5 Be2 50. Kf2 Bc4
51. h4 Kf7 52. h5 Ba6 53. g6+ Kg7 54. Kg3 Kf6 55. Kh4 Bc8 56. Bd6 c5 57. Be5+ Ke7 58. h6 c4 59. h7 c3 60. h8=Q Be6
61. Qf6+ Kd7 62. Qf8 Kc6 63. Qc5+ Kd7 64. Qc7+ Ke8 65. Bd6 Bd7 66. Qb8+
1-0

[Event "CLUB NUMERO UNO"]
[Site "SchemingMind.com"]
[Date "2008.06.06"]
[Round "-"]
[White "JOZIN Z BAZIN"]
[Black "riverriver"]
[Result "0-1"]
[WhiteCountry "POL"]
[BlackCountry "USA"]
[WhiteElo "1544"]
[WhiteRD "60"]
[BlackElo "1843"]
[BlackRD "72"]
[GameID "157987"]

1. Nf3 c5 2. b3 d5 3. e3 Nc6 4. Bb5 Bd7 5. Bb2 Nf6 6. Bxc6 Bxc6 7. Ne5 d4 8. Nxc6 bxc6 9. exd4 cxd4 10. Qf3 Qd5
11. Qxd5 cxd5
0-1

[Event "CLUB NUMERO UNO"]
[Site "SchemingMind.com"]
[Date "2008.06.06"]
[Round "-"]
[White "finlaggan"]
[Black "riverriver"]
[Result "1/2-1/2"]
[WhiteCountry "SCO"]
[BlackCountry "USA"]
[WhiteElo "2150"]
[WhiteRD "85"]
[BlackElo "1848"]
[BlackRD "71"]
[GameID "158009"]

1. d4 d5 2. c4 c6 3. Nf3 Nf6 4. Nc3 e6 5. cxd5 exd5 6. Bg5 Bd6 7. Qc2 Be6 8. e3 O-O 9. Bd3 h6 10. Bh4 Nbd7
11. O-O Re8 12. Rab1 Qc7 13. b4 Bg4 14. Bg3 Bxf3 15. gxf3 g6 16. Nb5 cxb5 17. Qxc7 Bxc7 18. Bxc7 a6 19. Bf4 Kg7 20. Rbc1 Rac8
21. Kg2 Rc6 22. Rxc6 bxc6 23. Rc1 Re6 24. Bc7 Ne8 25. Bg3 Nb6 26. Be5+ f6 27. Bf4 Nc4 28. h4 Ned6 29. Rg1 Nb2 30. Bc2=
1/2-1/2

[Event "CLUB NUMERO UNO"]
[Site "SchemingMind.com"]
[Date "2008.06.05"]
[Round "-"]
[White "finlaggan"]
[Black "calidore"]
[Result "1-0"]
[WhiteCountry "SCO"]
[BlackCountry "ISR"]
[WhiteElo "2030"]
[WhiteRD "105"]
[BlackElo "1899"]
[BlackRD "53"]
[GameID "158010"]

1. d4 Nf6 2. c4 e6 3. Nc3 Bb4 4. Qc2 c5 5. dxc5 Bxc5 6. Nf3 Nc6 7. Bg5 O-O 8. Rd1 h6 9. Bh4 a6 10. e3 b6
11. a3 Bb7 12. Be2 Qc7 13. Bg3 Bd6 14. Bxd6
1-0

[Event "CLUB NUMERO UNO"]
[Site "SchemingMind.com"]
[Date "2008.06.10"]
[Round "-"]
[White "finlaggan"]
[Black "jp781"]
[Result "1-0"]
[WhiteCountry "SCO"]
[BlackCountry "USA"]
[WhiteElo "2150"]
[WhiteRD "85"]
[BlackElo "1874"]
[BlackRD "77"]
[GameID "158011"]

1. d4 Nf6 2. c4 g6 3. Nc3 Bg7 4. e4 d6 5. Nf3 O-O 6. Be2 e5 7. Be3 Ng4 8. Bg5 f6 9. Bc1 Nc6 10. d5 Ne7
11. h3 Nh6 12. h4 Bd7 13. h5 g5 14. c5 Rc8 15. b4 a6 16. Nd2 f5 17. Nc4 Nf7 18. h6 Bxh6 19. Bh5 Kg7 20. Bxf7 Rxf7
21. cxd6 Ng8 22. Nxe5 Rf6 23. dxc7 Rxc7 24. Nxd7 Qxd7 25. e5 Rb6 26. Qd4 Rg6 27. e6+
1-0

[Event "CLUB NUMERO UNO"]
[Site "SchemingMind.com"]
[Date "2008.06.05"]
[Round "-"]
[White "finlaggan"]
[Black "megapixel"]
[Result "1-0"]
[WhiteCountry "SCO"]
[BlackCountry "ENG"]
[WhiteElo "2150"]
[WhiteRD "85"]
[BlackElo "1921"]
[BlackRD "75"]
[GameID "158012"]

1. d4 Nf6 2. c4 g6 3. Nc3 Bg7 4. e4 d6 5. Nf3 O-O 6. Be2 e5 7. Be3 exd4 8. Nxd4 Re8 9. f3 c6 10. Bf2 d5
11. exd5 cxd5 12. c5 Nc6 13. O-O Nh5 14. Qd2 f5 15. Rfe1 a6 16. Rad1 Nf6 17. Qf4 Nxd4 18. Bxd4 Be6 19. Qd6 Qxd6 20. cxd6 Nd7
21. Bxg7 Kxg7 22. Nxd5 Rac8 23. Nc7 Bxa2 24. Nxe8+ Rxe8 25. Bxa6
1-0

[Event "CLUB NUMERO UNO"]
[Site "SchemingMind.com"]
[Date "2008.06.06"]
[Round "-"]
[White "finlaggan"]
[Black "smothered mate"]
[Result "1-0"]
[WhiteCountry "SCO"]
[BlackCountry "POL"]
[WhiteElo "2030"]
[WhiteRD "105"]
[BlackElo "1927"]
[BlackRD "49"]
[GameID "158013"]

1. c4 e6 2. Nc3 d5 3. d4 Nf6 4. cxd5 exd5 5. Bg5 Nbd7 6. e3 c6 7. Bd3 h6 8. Bh4 Bd6 9. Qc2 Qe7 10. Nf3 b6
11. O-O Bb7 12. e4 dxe4 13. Rae1 O-O 14. Nxe4 Bb4 15. Nxf6+ Qxf6 16. Bxf6 Bxe1 17. Bxg7 Bxf2+ 18. Qxf2 Kxg7 19. Nh4 Rg8 20. Qxf7+
1-0

[Event "CLUB NUMERO UNO"]
[Site "SchemingMind.com"]
[Date "2008.06.05"]
[Round "-"]
[White "finlaggan"]
[Black "CenturyBugs"]
[Result "1/2-1/2"]
[WhiteCountry "SCO"]
[BlackCountry "ENG"]
[WhiteElo "2116"]
[WhiteRD "92"]
[BlackElo "2077"]
[BlackRD "67"]
[GameID "158014"]

1. c4 Nf6 2. Nc3 e5 3. Nf3 Nc6 4. g3 Bb4 5. Bg2 O-O 6. O-O Re8 7. Nd5 Nxd5 8. cxd5 Nd4 9. Nxd4 exd4 10. e4 d6
11. a3 Bc5 12. b4 Bb6 13. d3 Qf6 14. Bb2 Bd7 15. Qb3 a5 16. Qc4 h6 17. f4 Bg4 18. h3= Bd7 19. Qc2 Ra6 20. Qe2 axb4
21. axb4 Qg6 22. Rxa6 bxa6 23. Kh2 Bb5 24. Bf3 Kf8 25. Rc1 Qf6 26. Kg1 Kg8 27. Ra1 Qg6 28. Kh2 Qf6 29. Kg1 Qg6 30. Kh2 Qf6
31. Kg1=
1/2-1/2

[Event "CLUB NUMERO UNO"]
[Site "SchemingMind.com"]
[Date "2008.06.05"]
[Round "-"]
[White "finlaggan"]
[Black "JOZIN Z BAZIN"]
[Result "1-0"]
[WhiteCountry "SCO"]
[BlackCountry "POL"]
[WhiteElo "2116"]
[WhiteRD "92"]
[BlackElo "1544"]
[BlackRD "60"]
[GameID "158015"]

1. c4 g6 2. d4 c5 3. d5 Bh6 4. Nc3 Bxc1 5. Rxc1 Nf6 6. e4 d6 7. f4 Qa5 8. e5 Ne4 9. Qc2 Bf5 10. Bd3 Nxc3
11. Qxc3 Qxc3+ 12. Rxc3 O-O 13. Bxf5 gxf5 14. Rg3+ Kh8 15. Rg5 dxe5 16. fxe5 Rg8 17. Rxf5
1-0

[Event "CLUB NUMERO UNO"]
[Site "SchemingMind.com"]
[Date "2008.06.09"]
[Round "-"]
[White "riverriver"]
[Black "finlaggan"]
[Result "1/2-1/2"]
[WhiteCountry "USA"]
[BlackCountry "SCO"]
[WhiteElo "1848"]
[WhiteRD "71"]
[BlackElo "2150"]
[BlackRD "85"]
[GameID "158016"]

1. d4 d5 2. c4 c6 3. Nc3 Nf6 4. e3 e6 5. Nf3 Nbd7 6. Bd3 dxc4 7. Bxc4 b5 8. Bb3 b4 9. Ne2 Bb7 10. O-O Bd6
11. Qd3 Nc5 12. Qc4 Nxb3 13. Qxb3 Qc7 14. Bd2 a5 15. Rfc1 O-O 16. h3 c5 17. dxc5 Bxc5 18. Ned4 Rfd8 19. Qc4 Rac8 20. Qb5 Bxf3
21. Nxf3 Ne4 22. Be1 Rd5 23. a3 Qd8 24. Qa4 Rb8 25. Rd1 Qf6=
1/2-1/2

[Event "CLUB NUMERO UNO"]
[Site "SchemingMind.com"]
[Date "2008.06.10"]
[Round "-"]
[White "calidore"]
[Black "finlaggan"]
[Result "0-1"]
[WhiteCountry "ISR"]
[BlackCountry "SCO"]
[WhiteElo "1867"]
[WhiteRD "47"]
[BlackElo "2124"]
[BlackRD "92"]
[GameID "158017"]

1. e4 e5 2. Nf3 Nc6 3. Bc4 Bc5 4. b4 Bxb4 5. c3 Ba5 6. d4 exd4 7. O-O Nge7 8. cxd4 d5 9. exd5 Nxd5 10. Ba3 Be6
11. Nbd2 Bb4 12. Bxb4 Ncxb4 13. Qa4+ Nc6 14. Ne5 Nb6 15. Qc2 Nxd4 16. Qd3 Nxc4 17. Ndxc4 f6 18. Rfe1 fxe5 19. Rxe5 O-O 20. Rd1 Nf3+
21. gxf3 Qxd3
0-1

[Event "CLUB NUMERO UNO"]
[Site "SchemingMind.com"]
[Date "2008.06.10"]
[Round "-"]
[White "jp781"]
[Black "finlaggan"]
[Result "0-1"]
[WhiteCountry "USA"]
[BlackCountry "SCO"]
[WhiteElo "1874"]
[WhiteRD "77"]
[BlackElo "2150"]
[BlackRD "85"]
[GameID "158018"]

1. d4 d5 2. c4 c6 3. Nc3 Nf6 4. Nf3 e6 5. e3 Nbd7 6. Bd3 dxc4 7. Bxc4 b5 8. Bd3 Bb7 9. O-O a6 10. e4 c5
11. e5 cxd4 12. Bg5 Bxf3 13. gxf3 dxc3 14. exf6 cxb2 15. Rb1 h6 16. Be4 hxg5 17. Bxa8 Qxa8 18. Rxb2 Qb8 19. f4 Qxf4 20. f3 Bc5+
21. Kh1 Nxf6 22. Rd2 O-O 23. Kg2 Nd5 24. Rxd5 exd5 25. Qxd5 Bd6 26. Rh1 Re8 27. Qd3 g4 28. fxg4 Qxg4+ 29. Kf1 Re6 30. a3 Qf4+
0-1

[Event "CLUB NUMERO UNO"]
[Site "SchemingMind.com"]
[Date "2008.06.05"]
[Round "-"]
[White "megapixel"]
[Black "finlaggan"]
[Result "1/2-1/2"]
[WhiteCountry "ENG"]
[BlackCountry "SCO"]
[WhiteElo "1908"]
[WhiteRD "76"]
[BlackElo "2116"]
[BlackRD "92"]
[GameID "158019"]

1. Nf3 Nf6 2. c4 c6 3. g3 d5 4. Bg2 Bf5 5. cxd5 cxd5 6. d3 Nc6 7. O-O e6 8. b3 Be7 9. Bb2 O-O 10. Nbd2 Rc8
11. Nd4 Nxd4 12. Bxd4 Bb4 13. Nf3 Bc5 14. Rc1 Qe7 15. Qd2 Bxd4 16. Nxd4 Bg6 17. Rxc8 Rxc8 18. Rc1 Qd7 19. Rxc8+=
1/2-1/2

[Event "CLUB NUMERO UNO"]
[Site "SchemingMind.com"]
[Date "2008.06.09"]
[Round "-"]
[White "smothered mate"]
[Black "finlaggan"]
[Result "0-1"]
[WhiteCountry "POL"]
[BlackCountry "SCO"]
[WhiteElo "1926"]
[WhiteRD "48"]
[BlackElo "2124"]
[BlackRD "92"]
[GameID "158020"]

1. d4 d5 2. c4 c6 3. Nc3 Nf6 4. Nf3 e6 5. e3 Nbd7 6. Qb3 Bd6 7. c5 Bc7 8. Bd3 O-O 9. O-O e5 10. dxe5 Nxe5
11. Nxe5 Bxe5 12. Rd1 Qe7 13. Qa3 b6 14. b4 a5 15. b5 cxb5 16. Bxb5 Qxc5 17. Qxc5 bxc5 18. Bb2 Rb8 19. a4 Bg4 20. f3 Be6
21. f4 Bd6 22. Ne2 Ng4 23. e4 d4 24. e5 Be7 25. h3 Ne3 26. Rdb1 Nc2 27. Ba3 Rfd8 28. Nc1 Bf5 29. g4 Be4 30. Ra2 Nxa3
31. Rxa3 Bxb1
0-1

[Event "CLUB NUMERO UNO"]
[Site "SchemingMind.com"]
[Date "2008.06.09"]
[Round "-"]
[White "CenturyBugs"]
[Black "finlaggan"]
[Result "0-1"]
[WhiteCountry "ENG"]
[BlackCountry "SCO"]
[WhiteElo "2047"]
[WhiteRD "67"]
[BlackElo "2150"]
[BlackRD "85"]
[GameID "158021"]

1. c4 c6 2. d4 d5 3. cxd5 cxd5 4. Nc3 Nf6 5. Nf3 Nc6 6. Bf4 a6 7. e3 Bg4 8. Bd3 e6 9. O-O Bd6 10. Bxd6 Qxd6
11. h3 Bh5 12. Rc1 O-O 13. a3 Rac8 14. Na4 Rc7 15. Qc2 Bxf3 16. gxf3 e5 17. dxe5 Qxe5 18. f4 Qh5 19. Kg2 Rfc8 20. Qb1 d4
21. Rc5 Qh4 22. Nb6 Rd8 23. Rg5 Re7 24. Nc4 dxe3 25. fxe3 b5 26. Ne5 Nxe5 27. Rxe5 Rxe5 28. fxe5 Qg5+ 29. Kf3 Qxe5 30. Rd1 Ne4
31. Bxe4 Rxd1 32. Qc2 g6 33. b4 Rf1+ 34. Ke2 Ra1 35. Kf3 Qe6 36. Qg2 Rxa3 37. Qg3 Rb3 38. Qb8+ Kg7 39. Qg3 Rxb4 40. Bd3 Qd5+
41. Kf2 Qxd3 42. Qe5+ Kh6 43. Qc5 Qf5+ 44. Qxf5 gxf5 45. Kg3 a5 46. Kf3 a4 47. Ke2 a3 48. Kd3 a2 49. Kc3 Rb1 50. Kd4 a1=Q+
51. Kc5 Rc1+
0-1

[Event "CLUB NUMERO UNO"]
[Site "SchemingMind.com"]
[Date "2008.06.09"]
[Round "-"]
[White "JOZIN Z BAZIN"]
[Black "finlaggan"]
[Result "0-1"]
[WhiteCountry "POL"]
[BlackCountry "SCO"]
[WhiteElo "1544"]
[WhiteRD "60"]
[BlackElo "2116"]
[BlackRD "92"]
[GameID "158022"]

1. Nf3 Nf6 2. g3 d5 3. Bg2 c6 4. d4 Bf5 5. O-O h6 6. Ne5 Nbd7 7. Bf4 e6 8. Nxf7 Kxf7 9. e3 g5 10. Be5 Nxe5
11. dxe5 Ng4 12. Bh3 Nxe5 13. Bxf5 exf5 14. f4 Nc4 15. Qd3 Bc5 16. Qxf5+ Qf6 17. Qd7+ Qe7 18. fxg5+ Kg7
0-1

[Event "CLUB NUMERO UNO"]
[Site "SchemingMind.com"]
[Date "2008.06.06"]
[Round "-"]
[White "z"]
[Black "riverriver"]
[Result "0-1"]
[WhiteCountry "IRQ"]
[BlackCountry "USA"]
[WhiteElo "1782"]
[WhiteRD "54"]
[BlackElo "1821"]
[BlackRD "72"]
[GameID "158133"]

1. c4 e5 2. Nc3 Bb4 3. Nd5 Nc6 4. Nxb4 Nxb4 5. a3 Nc6 6. e3 Nf6 7. d3 O-O 8. Nf3 d6 9. Be2 Bd7 10. O-O e4
11. Nd4 exd3 12. Bxd3 Ng4 13. b4 Qh4 14. h3 Nge5 15. f4 Nxd3 16. Qxd3 Qh6 17. e4 Qg6 18. Kh2 Qf6 19. Bb2 Nxd4 20. Bxd4 Qh6
21. Rac1 Rfe8 22. c5 Bc6 23. e5 dxe5 24. Bxe5 Rad8 25. Qg3 Rd2 26. Rf2 Rxf2 27. Qxf2 Rxe5
0-1

[Event "CLUB NUMERO UNO"]
[Site "SchemingMind.com"]
[Date "2008.06.06"]
[Round "-"]
[White "z"]
[Black "calidore"]
[Result "0-1"]
[WhiteCountry "IRQ"]
[BlackCountry "ISR"]
[WhiteElo "1769"]
[WhiteRD "52"]
[BlackElo "1899"]
[BlackRD "53"]
[GameID "158134"]

1. b4 e5 2. Bb2 f6 3. e4 Bxb4 4. Bc4 Ne7 5. Qh5+ g6 6. Qh4 Nec6 7. f4 Be7 8. Nf3 f5 9. Qg3 fxe4 10. O-O exf3
11. fxe5 Rf8 12. Nc3 Bh4 13. Rxf3 Bxg3 14. Rxf8+ Kxf8 15. Rf1+ Kg7 16. hxg3 Qe7 17. e6 Qc5+ 18. Kh2 Qxc4 19. Nd5+ Kh6 20. Ne3 Qxf1
0-1

[Event "CLUB NUMERO UNO"]
[Site "SchemingMind.com"]
[Date "2008.06.11"]
[Round "-"]
[White "z"]
[Black "jp781"]
[Result "1-0"]
[WhiteCountry "IRQ"]
[BlackCountry "USA"]
[WhiteElo "1754"]
[WhiteRD "60"]
[BlackElo "1826"]
[BlackRD "79"]
[GameID "158135"]

1. Nf3 Nf6 2. d4 g6 3. c4 Bg7 4. Nc3 O-O 5. e4 d6 6. Be2 e5 7. O-O Nc6 8. d5 Ne7 9. Ne1 Nd7 10. f3 f5
11. Be3 f4 12. Bf2 g5 13. Nd3 Ng6 14. c5 Nf6 15. Rc1 h5 16. cxd6 cxd6 17. Nb5 a6 18. Nc7 Rb8 19. Ne6 Bxe6 20. dxe6 Qe7
21. Nb4 a5 22. Nd5 Qd8 23. Bb6 Qe8 24. Bc7 Nxd5 25. exd5 Rc8 26. Bxd6 Rf6 27. Qb3 Bf8 28. Bxf8 Rxf8 29. d6 Rxc1 30. Rxc1 Kh7
31. Rc7+ Kh6 32. Qxb7 Rh8 33. e7 g4 34. Bb5
1-0

[Event "CLUB NUMERO UNO"]
[Site "SchemingMind.com"]
[Date "2008.06.06"]
[Round "-"]
[White "z"]
[Black "megapixel"]
[Result "1-0"]
[WhiteCountry "IRQ"]
[BlackCountry "ENG"]
[WhiteElo "1878"]
[WhiteRD "66"]
[BlackElo "1749"]
[BlackRD "65"]
[GameID "158136"]

1. b4 e5 2. Bb2 Bxb4 3. Bxe5 Nf6 4. a3 Ba5 5. c4 Nc6 6. Bc3 Bb6 7. Nf3 d5 8. cxd5 Qxd5 9. Bxf6 gxf6 10. Nc3 Qc5
11. e3 Bg4 12. Be2 O-O-O 13. O-O Rhg8 14. Na4 Qh5 15. Nxb6+ axb6 16. d4 Ne5 17. Kh1 Nxf3 18. Bxf3 Bxf3 19. Qxf3 Qxf3 20. gxf3 Rd5
21. Rg1 Rg6 22. Rad1 Rdg5 23. Rg3 c6 24. Kg2 Rb5 25. Rd3 Kc7 26. f4 Rb2 27. Kf3 b5 28. f5 Rg5 29. e4 h5 30. Rxg5 fxg5
31. e5 Kd7 32. d5 cxd5= 33. Rxd5+ Ke7 34. Rd6 Rb3+ 35. Ke4 Rxa3 36. f6+ Ke8 37. Rb6 Ra2 38. Rxb7 Rxf2 39. Rb8+ Kd7= 40. Rf8 Re2+
41. Kf5 Rf2+ 42. Kxg5 Rg2+ 43. Kxh5 Rxh2+ 44. Kg4 Rh7 45. Rb8 b4 46. Rb7+ Kc6 47. Rxb4 Kd5 48. Rb5+ Ke6 49. Kf4 Rh4+ 50. Kg5 Re4
51. Rb6+ Kd7 52. Rb7+ Ke8 53. Re7+ Kf8 54. Kf5 Re1 55. Rc7 Rf1+ 56. Ke4 Re1+ 57. Kd5 Rd1+ 58. Kc6 Rc1+ 59. Kd7 Rd1+ 60. Kc8 Re1
61. Rc5 Rd1 62. Kc7 Ke8 63. Kc6 Re1 64. Rd5 Rc1+ 65. Kd6 Ra1 66. Rd4 Re1 67. Kd5 Re2 68. Rd3 Re1 69. Kd4 Kd7 70. Kd5 Re2
71. Ra3 Rd2+ 72. Ke4 Re2+ 73. Kf4 Rf2+ 74. Ke3 Rf1 75. Ke4 Re1+ 76. Re3 Rd1 77. Rd3+ Ke6 78. Ra3 Re1+ 79. Kf4 Rf1+ 80. Ke4 Re1+
81. Kf4 Rf1+ 82. Kg5
1-0

[Event "CLUB NUMERO UNO"]
[Site "SchemingMind.com"]
[Date "2008.06.06"]
[Round "-"]
[White "z"]
[Black "smothered mate"]
[Result "0-1"]
[WhiteCountry "IRQ"]
[BlackCountry "POL"]
[WhiteElo "1769"]
[WhiteRD "52"]
[BlackElo "1927"]
[BlackRD "49"]
[GameID "158137"]

1. b4 e5 2. Bb2 Bxb4 3. Bxe5 Nf6 4. a3 Be7 5. e3 Nc6 6. Bb2 d5 7. Nf3 O-O 8. c4 Re8 9. cxd5 Nxd5 10. Be2 Bf6
11. Bxf6 Qxf6 12. d4 Bg4 13. O-O Rad8 14. Qb3 Na5 15. Qb5 b6 16. Rc1 c6 17. Qa4 Nf4 18. Bf1 Nh3+ 19. gxh3 Bxf3 20. Bd3 Qg5+
21. Kf1 Qg2+ 22. Ke1 Rxd4 23. Qxd4 Nb3 24. Qd7 Qg1+
0-1

[Event "CLUB NUMERO UNO"]
[Site "SchemingMind.com"]
[Date "2008.06.06"]
[Round "-"]
[White "z"]
[Black "CenturyBugs"]
[Result "0-1"]
[WhiteCountry "IRQ"]
[BlackCountry "ENG"]
[WhiteElo "1782"]
[WhiteRD "54"]
[BlackElo "2088"]
[BlackRD "67"]
[GameID "158138"]

1. b4 d5 2. Bb2 Nf6 3. b5 Bg4 4. h3 Bf5 5. e3 e6 6. Nf3 Bb4 7. c4 c5 8. Be2 O-O 9. O-O Nbd7 10. d4 cxd4
11. exd4 dxc4 12. Bxc4 Qc7 13. Qe2 Rac8 14. Nbd2 Qf4 15. Rac1 Rfd8 16. Rfd1 Bd6 17. Nf1 Nb6 18. Bb3 Rxc1 19. Bxc1 Qe4 20. Be3 Bg6
21. g4 Nfd5 22. Ng5 Nf4 23. Qf3 Qxf3 24. Nxf3 Nxh3+ 25. Kg2 Nf4+ 26. Kg1 Be4 27. N1d2 Ne2+ 28. Kf1 Bd3 29. Kg2 Bxb5 30. Ne4 Bc6
31. Nxd6 Rxd6 32. Rd2 Nc1 33. Bd1 Nc4 34. Rc2 Nxe3+ 35. fxe3 Nd3 36. Kg3 f5 37. a3 fxg4 38. Ne5 Nxe5
0-1